000 00202nam a2200085Ia 4500
008 220204s9999 xx 000 0 und d
100 _aSipra Das Gupta
245 0 _aHandbook of Indian Cookery
942 _cBK
999 _c31202
_d31202